Normal view
MARC view
Entry Personal Name
001 - CONTROL NUMBER
- control field: 26849
003 - CONTROL NUMBER IDENTIFIER
- control field: ARRUPE
005 - DATE AND TIME OF LATEST TRANSACTION
- control field: 20161018101124.0
008 - FIXED-LENGTH DATA ELEMENTS
- fixed length control field: 161018|| aca||aabn | a|a d
040 ## - CATALOGING SOURCE
- Original cataloging agency: ARRUPE
- Transcribing agency: ARRUPE
100 ## - HEADING--PERSONAL NAME
- Personal name: Imasogie, Osadolor,
- Dates associated with a name: 1928-
670 ## - SOURCE DATA FOUND
- Source citation: Work cat.: (ARRUPE)0: Imasogie, Osadolor, 1928-, Guidelines for Christian theology in Africa /, c1983.